Návrh opatrení na zlepšenie procesu adaptácie v spoločnosti IKEA Industry Slovakia s. r. o.

Guardado en:
Detalles Bibliográficos
Autor principal: Ščasná, Natália (Autor)
Otros Autores: Vraňaková, Natália (Orientador)
Formato: Manuscrito Libro
Lenguaje:eslovaco
Publicado: 2025
Materias:
Acceso en línea:http://is.stuba.sk/zp/portal_zp.pl?podrobnosti=176907
Etiquetas: Agregar Etiqueta
Sin Etiquetas, Sea el primero en etiquetar este registro!

MARC

LEADER 00000ntm a22000003a 4500
001 stuzp103778
003 SK-STU
005 20250628210827.3
007 ta
008 150427s2015----xo-----f-mn---000-0-slo-d
040 |a STU  |b slo 
041 0 |a slo 
100 1 |a Ščasná, Natália  |u 064000  |4 aut  |U MTF Materiálovotechnologická fakulta  |T MTF Ústav priemyselného inžinierstva a manažmentu  |X 121962  |U M4000  |Y 84  |7 121962 
242 0 1 |a Proposal of measures to improve the adaptation process in IKEA Industry Slovakia s. r. o.  |y eng 
245 1 0 |a Návrh opatrení na zlepšenie procesu adaptácie v spoločnosti IKEA Industry Slovakia s. r. o. 
260 |c 2025 
650 4 |a adaptačný proces  |2 slo 
650 4 |a adaptácia  |2 slo 
650 4 |a novoprijatí zamestnanci  |2 slo 
650 4 |a typy adaptácie  |2 slo 
650 4 |a adaptačný plán  |2 slo 
650 4 |a adaptation plan  |2 eng 
650 4 |a adaptation process  |2 eng 
650 4 |a newly hired employees  |2 eng 
650 4 |a adaptation  |2 eng 
650 4 |a types of adaptation  |2 eng 
700 1 |a Vraňaková, Natália  |u 064000  |k Z1  |4 ths  |U MTF Materiálovotechnologická fakulta  |T MTF Ústav priemyselného inžinierstva a manažmentu  |X 61908  |U M4000  |Y 84  |7 A000061908 
856 4 |u http://is.stuba.sk/zp/portal_zp.pl?podrobnosti=176907 
996 |c M* BP-10024  |l MMSKP  |s P  |a 0  |w stuzp103778_0001